000 00293 a2200145 4500
001 166465
020 _a
040 _cMagnum
100 _aBastos, Cleverson Leite
240 1 0 _aAprendendo logica
_lpor
245 1 0 _aAprendendo logica
362 0 _a1899
697 _aENSINO
942 _cBK
999 _c166465
_d166465